Corporate citizen (Record no. 91945)
[ view plain ]
| 000 -LEADER | |
|---|---|
| fixed length control field | 00443nam a22001577a 4500 |
| 005 - DATE AND TIME OF LATEST TRANSACTION | |
| control field | 20150226121831.0 |
| 008 - FIXED-LENGTH DATA ELEMENTS--GENERAL INFORMATION | |
| fixed length control field | 150226b xxu||||| |||| 00| 0 eng d |
| 040 ## - CATALOGING SOURCE | |
| Original cataloging agency | dpl |
| 050 ## - LIBRARY OF CONGRESS CALL NUMBER | |
| Item number | . |
| 245 ## - TITLE STATEMENT | |
| Title | Corporate citizen |
| 260 ## - PUBLICATION, DISTRIBUTION, ETC. (IMPRINT) | |
| Place of publication, distribution, etc | Pune |
| Name of publisher, distributor, etc | Sri Balaji Society |
| 300 ## - PHYSICAL DESCRIPTION | |
| Extent | v. : |
| Other physical details | col. ill. ; |
| Dimensions | 27 cm. |
| 310 ## - CURRENT PUBLICATION FREQUENCY | |
| Current publication frequency | Monthly |
| 270 ## - ADDRESS | |
| Address | 925/5, Mujumdar Apt. F.C. Road |
| City | Pune |
| Country | 411004 |
| Electronic mail address | subash.krishanan@corporatecitizen.in |
| 942 ## - ADDED ENTRY ELEMENTS (KOHA) | |
| Source of classification or shelving scheme | Dewey Decimal Classification |
| Item type | Periodicals |
| Serial record | 1 |
| Withdrawn status | Lost status | Source of classification or shelving scheme | Damaged status | Not for loan | Collection code | Home library | Current library | Date acquired | Total Checkouts | Date last seen | Price effective from | Koha item type |
|---|---|---|---|---|---|---|---|---|---|---|---|---|
| Dewey Decimal Classification | Not For Loan | Non-fiction | D.B.Act.Division | D.B.Act.Division | 26/02/2015 | 26/02/2015 | 26/02/2015 | Periodicals |
